[Event "AUTO-INT-474"]
[Site "http://www.queenalice.com/game.php?id=217388"]
[Date "2007.5.28"]
[Round "1"]
[White "IkeBroflovski"]
[Black "laudimf"]
[Result "1-0"]
[WhiteElo "1666"]
[BlackElo "1566"]

1. Nf3 Nf6 2. d4 d5 3. e3 Bg4 4. c4 Bxf3 5. Qxf3 e6 6. Nc3 Bb4 7. Bd2 Bxc3 8.
Bxc3 c6 9. Bd3 Nbd7 10. O-O O-O 11. h3 g6 12. b4 Nh5 13. a4 Nb6 14. c5 Nd7 15.
b5 Ndf6 16. a5 b6 17. axb6 axb6 18. cxb6 Qxb6 19. bxc6 Qxc6 20. Bb4 Rxa1 21.
Rxa1 Rb8 22. Bc5 Ra8 23. Rxa8+ 1-0

[Event "AUTO-INT-474"]
[Site "http://www.queenalice.com/game.php?id=217389"]
[Date "2007.5.28"]
[Round "1"]
[White "laudimf"]
[Black "IkeBroflovski"]
[Result "0-1"]
[WhiteElo "1641"]
[BlackElo "1741"]

1. e4 e6 2. Nf3 d5 3. e5 c5 4. d4 cxd4 5. Qxd4 Nc6 6. Bb5 Bd7 7. Qa4 Bc5 8. O-O
Nge7 9. Bg5 a6 10. Bxc6 Bxc6 11. Qh4 Qb6 12. b3 h6 13. Nbd2 Ng6 14. Qg3 hxg5 15.
Qxg5 Be7 16. Qg3 Qb4 17. a3 Qf4 18. Qxf4 Nxf4 19. g3 Ne2+ 0-1

[Event "AUTO-INT-474"]
[Site "http://www.queenalice.com/game.php?id=217402"]
[Date "2007.5.28"]
[Round "1"]
[White "van_arroto"]
[Black "laudimf"]
[Result "1-0"]
[WhiteElo "1443"]
[BlackElo "1488"]

1. e4 e5 2. Nc3 Nf6 3. Nf3 Nc6 4. d4 exd4 5. Nxd4 Nxd4 6. Qxd4 Be7 7. e5 Nh5 8.
Be2 g6 9. Bxh5 gxh5 10. Nb5 c5 11. Qc3 a6 12. Na3 b5 13. e6 f6 14. Qf3 Rb8 15.
exd7+ Bxd7 16. Bf4 1-0

[Event "AUTO-INT-474"]
[Site "http://www.queenalice.com/game.php?id=217403"]
[Date "2007.5.28"]
[Round "1"]
[White "laudimf"]
[Black "van_arroto"]
[Result "1-0"]
[WhiteElo "1631"]
[BlackElo "1488"]

1. e4 e5 2. Nf3 d6 3. Bc4 Nf6 4. Ng5 d5 5. exd5 Nxd5 6. d4 exd4 7. Qf3 Be6 8.
Nxe6 fxe6 9. O-O Qf6 10. Qe2 Bc5 11. Bxd5 c6 12. Bxe6 Kf8 13. Re1 Na6 14. Bc4
Re8 15. Qxe8# 1-0

[Event "AUTO-INT-474"]
[Site "http://www.queenalice.com/game.php?id=217410"]
[Date "2007.5.28"]
[Round "1"]
[White "kloosterveen"]
[Black "laudimf"]
[Result "1-0"]
[WhiteElo "1832"]
[BlackElo "1600"]

1. d4 d5 2. e3 Nf6 3. g3 Nc6 4. Bg2 e5 5. dxe5 Nxe5 6. Nc3 Bg4 7. f3 Bf5 8. e4
dxe4 9. Qxd8+ Rxd8 10. fxe4 Bg4 11. Nge2 Bb4 12. Bd2 Bxe2 13. Kxe2 O-O 14. Rae1
Nc4 15. Bf4 Nxb2 16. Rb1 1-0

[Event "AUTO-INT-474"]
[Site "http://www.queenalice.com/game.php?id=217411"]
[Date "2007.5.28"]
[Round "1"]
[White "laudimf"]
[Black "kloosterveen"]
[Result "0-1"]
[WhiteElo "1627"]
[BlackElo "1766"]

1. e4 Nc6 2. d4 e6 3. Nf3 g6 4. Nc3 Bg7 5. Be3 d5 6. e5 Nh6 7. Bb5 Bd7 8. Bg5
Ne7 9. Bxd7+ Qxd7 10. O-O O-O 11. Qd2 Nhf5 12. Rad1 Nc6 13. Nh4 Ncxd4 14. g4
Nxh4 15. Bxh4 Nf3+ 0-1

[Event "AUTO-OPEN-678"]
[Site "http://www.queenalice.com/game.php?id=217451"]
[Date "2007.5.28"]
[Round "1"]
[White "Brandt"]
[Black "laudimf"]
[Result "1-0"]
[WhiteElo "1855"]
[BlackElo "1638"]

1. e4 e5 2. Nf3 Nf6 3. Bc4 Bc5 4. b4 Bb6 5. Nxe5 Qe7 6. Bb2 Nxe4 7. O-O Nxf2 8.
Rxf2 Qf6 9. d4 Qd6 10. Nxf7 Qxb4 11. Nxh8 Qxb2 12. Qe2+ 1-0

[Event "AUTO-OPEN-678"]
[Site "http://www.queenalice.com/game.php?id=217452"]
[Date "2007.5.28"]
[Round "1"]
[White "laudimf"]
[Black "Brandt"]
[Result "0-1"]
[WhiteElo "1490"]
[BlackElo "1848"]

1. e4 e5 2. Nf3 Nf6 3. Nxe5 Nxe4 4. Qe2 Qe7 5. Qxe4 d6 6. d4 dxe5 7. dxe5 Nc6 8.
Bb5 Bd7 9. O-O Qxe5 10. Qxe5+ Nxe5 11. Re1 Bxb5 12. Rxe5+ Be7 13. Bf4 Bc6 14.
Nc3 f6 15. Re3 Kd7 16. Rd1+ Bd6 0-1

[Event "AUTO-OPEN-678"]
[Site "http://www.queenalice.com/game.php?id=217471"]
[Date "2007.5.28"]
[Round "1"]
[White "kingrey"]
[Black "laudimf"]
[Result "1-0"]
[WhiteElo "1186"]
[BlackElo "1468"]

1. d4 d5 2. Nc3 Nf6 3. e3 Nc6 4. Nf3 Bg4 5. a3 Ne4 6. h3 Bh5 7. b4 Nxc3 8. Qd2
Ne4 9. Ne5 Nxe5 10. dxe5 e6 11. Qd4 c5 12. bxc5 1-0

[Event "AUTO-OPEN-678"]
[Site "http://www.queenalice.com/game.php?id=217472"]
[Date "2007.5.28"]
[Round "1"]
[White "laudimf"]
[Black "kingrey"]
[Result "0-1"]
[WhiteElo "1468"]
[BlackElo "1110"]

1. e4 e6 2. Nf3 Nc6 3. d4 Bb4+ 4. Bd2 d5 5. exd5 exd5 6. Bxb4 Nxb4 7. Nc3 Nf6 8.
Be2 Bf5 9. Bd3 Qe7+ 10. Qe2 Ne4 11. Bxe4 dxe4 12. Ne5 Rd8 13. Qb5+ c6 0-1

[Event "AUTO-OPEN-678"]
[Site "http://www.queenalice.com/game.php?id=217483"]
[Date "2007.5.28"]
[Round "1"]
[White "laudimf"]
[Black "lferreira"]
[Result "0-1"]
[WhiteElo "1538"]
[BlackElo "1577"]

1. e4 c5 2. Nf3 Nc6 3. Bb5 e6 4. Bxc6 bxc6 5. O-O g6 6. Nc3 Bg7 7. e5 Ne7 8. d3
Qc7 9. Re1 Nf5 10. Bf4 O-O 11. Qd2 Qa5 12. Ne4 Qxd2 13. Bxd2 Rb8 14. Bc3 Ba6 15.
Nxc5 Bc8 16. Ng5 h6 17. Nf3 Rb5 18. d4 Rd8 0-1

[Event "AUTO-OPEN-678"]
[Site "http://www.queenalice.com/game.php?id=217484"]
[Date "2007.5.28"]
[Round "1"]
[White "lferreira"]
[Black "laudimf"]
[Result "1-0"]
[WhiteElo "1561"]
[BlackElo "1554"]

1. c4 e5 2. Nc3 Nf6 3. g3 Bb4 4. Bg2 Bxc3 5. bxc3 Nc6 6. Qc2 O-O 7. Nf3 e4 8.
Ng5 Re8 9. Nxe4 Nxe4 10. Bxe4 Qe7 11. Bxh7+ Kh8 12. e3 g6 13. Bxg6 fxg6 14. Qxg6
Qh7 15. Qf6+ Qg7 16. Qh4+ Kg8 17. Bb2 d6 18. O-O Be6 19. d3 1-0

[Event "AUTO-ADV-507"]
[Site "http://www.queenalice.com/game.php?id=217554"]
[Date "2007.5.28"]
[Round "1"]
[White "Nakgada"]
[Black "laudimf"]
[Result "1-0"]
[WhiteElo "1791"]
[BlackElo "1617"]

1. d4 d5 2. e3 Nc6 3. c4 Nf6 4. Nc3 e5 5. Nf3 Bg4 6. Be2 exd4 7. Nxd4 Nxd4 8.
Qxd4 Bxe2 9. Nxe2 dxc4 10. Qxc4 Qd7 11. O-O O-O-O 12. Nd4 Bd6 13. Rd1 Ng4 14. g3
Qe7 15. Bd2 Qf6 16. Rf1 Nxh2 17. Kxh2 Rhf8 18. Rac1 h5 19. Bb4 h4 20. Bxd6 Qxd6
21. Nb5 hxg3+ 22. fxg3 1-0

[Event "AUTO-ADV-507"]
[Site "http://www.queenalice.com/game.php?id=217555"]
[Date "2007.5.28"]
[Round "1"]
[White "laudimf"]
[Black "Nakgada"]
[Result "0-1"]
[WhiteElo "1608"]
[BlackElo "1800"]

1. e4 e6 2. Nf3 b6 3. d4 Bb7 4. Nc3 c5 5. d5 exd5 6. exd5 Nf6 7. Bg5 Bd6 8. Bb5
O-O 9. O-O Ba6 10. Bxa6 Nxa6 11. Nb5 Bb8 12. d6 Nb4 13. a3 Nc6 14. Re1 a6 15.
Nc3 Na5 16. Ne4 Nc4 17. Nxf6+ gxf6 18. Bf4 Kh8 19. Qd5 Bxd6 20. Bxd6 Nxd6 21.
Qxd6 Rg8 0-1

[Event "AUTO-ADV-507"]
[Site "http://www.queenalice.com/game.php?id=217570"]
[Date "2007.5.28"]
[Round "1"]
[White "ChrisDavison102"]
[Black "laudimf"]
[Result "1-0"]
[WhiteElo "1915"]
[BlackElo "1470"]

1. e4 e5 2. Nf3 Nf6 3. Nxe5 Qe7 4. d4 d6 5. Nf3 Nxe4 6. Be2 Bg4 7. O-O Nc6 8.
Be3 O-O-O 9. h3 Bh5 10. Nbd2 Nxd2 11. Qxd2 a6 12. g4 Bg6 13. Rfe1 f5 14. Bg5 Qd7
15. Bxd8 Kxd8 16. Nh4 Be7 17. Nxf5 Bxf5 18. gxf5 Qxf5 19. Bg4 Qd5 20. Rad1 Bg5
21. Qc3 h5 22. Be6 1-0

[Event "AUTO-ADV-507"]
[Site "http://www.queenalice.com/game.php?id=217571"]
[Date "2007.5.28"]
[Round "1"]
[White "laudimf"]
[Black "ChrisDavison102"]
[Result "0-1"]
[WhiteElo "1629"]
[BlackElo "1984"]

1. e4 c5 2. Nf3 d6 3. Bc4 Nc6 4. O-O Nf6 5. d3 g6 6. Bg5 Bg7 7. Nc3 O-O 8. d4
cxd4 9. Nxd4 Bd7 10. Ndb5 a6 11. Nd4 Qb6 12. Nxc6 Bxc6 13. Re1 Qxb2 14. Nd5 Nxd5
15. exd5 Qxa1 16. Qxa1 Bxa1 17. Rxa1 Bd7 18. Bxe7 Rfe8 19. Bf6 Rac8 0-1

[Event "AUTO-ADV-507"]
[Site "http://www.queenalice.com/game.php?id=217582"]
[Date "2007.5.28"]
[Round "1"]
[White "laudimf"]
[Black "yalokin"]
[Result "0-1"]
[WhiteElo "1575"]
[BlackElo "1762"]

1. e4 e5 2. Nf3 Nc6 3. Bb5 Qf6 4. Nc3 Nge7 5. Bxc6 Nxc6 6. d3 Bc5 7. Nd5 Qd8 8.
O-O Nd4 9. Nxe5 d6 10. Nc4 c6 11. c3 Nb5 0-1

[Event "AUTO-ADV-507"]
[Site "http://www.queenalice.com/game.php?id=217583"]
[Date "2007.5.28"]
[Round "1"]
[White "yalokin"]
[Black "laudimf"]
[Result "1-0"]
[WhiteElo "1753"]
[BlackElo "1584"]

1. d4 d5 2. c4 dxc4 3. e3 b5 4. Nc3 Bd7 5. Qf3 Nc6 6. Nxb5 Nf6 7. Bxc4 Nb4 8.
Qe2 e6 9. Nf3 Bd6 10. e4 Ng4 11. a3 1-0